• 首页
  • 本馆介绍
  • 公告通知
  • 最新文献
  • 馆藏检索
  • 电子资源
  • 读者导购
  • 参考咨询
  • 我的图书馆
  • 登录
  • 详细信息显示
  • 放入我的书架
  • 预约/预借图书
  • 作者相关作品
  • 分类相关作品
  • 丛书相关作品
  • 出版社相关作品

书目信息

  • 表格格式
  • 工作单格式
  • 卡片格式
题名:
仁山智水
    
 
作者: 朱孝达 , 朱芳仟 著
分册:  
出版信息: 长春   吉林美术出版社  1999.01
页数: 152页
开本: 19cm
丛书名:
单 册:
中图分类: J211.26
科图分类:
主题词: 绘画--技法(美术)
电子资源:
ISBN: 7-5386-0720-X
000 00699nam0 2200229 450
001 0432866037
005 20040409090746.04
010    @a7-5386-0720-X@dCNY14.50
100    @a20040409d1999 km y0chiy0120 ea
101 0  @achi
102    @aCN@b220000
200 1  @a仁山智水@e中国山水画@Aren shan zhi shui@f朱孝达,朱芳仟著@Fzhu xiao da,zhu fang qian zhu
210    @a长春@c吉林美术出版社@d1999.01
215    @a152页@c图@d19cm
300    @a世界艺术教育文库
517 1  @a中国山水画@Azhong guo shan shui hua
606 0  @a绘画@x技法(美术)
690    @aJ211.26@v4
701  0 @a朱孝达@Azhu xiao da@4著
701  0 @a朱芳仟@Azhu fang qian@4著
801  0 @aCN@bPFT@c20040409
905    @aBZT@dJ211.26@e1@f8
    
    仁山智水:中国山水画/朱孝达,朱芳仟著.-长春:吉林美术出版社,1999.01
    152页:图;19cm
    世界艺术教育文库
    
    ISBN 7-5386-0720-X:CNY14.50
    
●
相关链接 在五车中查询图书 在当当中查询图书 在豆瓣中查询图书


正题名:仁山智水     索取号:J211.26/1         预约/预借

序号 登录号 条形码 馆藏地/架位号 状态 备注
1 0362062   230079437   中心书库中库/ 中库016架B面1列5层14/ [索取号:J211.26/1] 在馆    
2 0362063   230079412   中心书库中库/ 中库016架B面1列5层16/ [索取号:J211.26/1] 在馆    
3 0362065   230079435   中心书库中库/ 中库016架B面1列5层13/ [索取号:J211.26/1] 在馆    
4 0362066   230079410   中心书库中库/ 中库016架B面1列5层15/ [索取号:J211.26/1] 在馆    
5 0362067   230079433   中心书库中库/ 中库016架B面1列5层17/ [索取号:J211.26/1] 在馆    
6 2001741249   2001741249   样本书库/样005架B面4层3列/ [索取号:J211.26/1] 在馆    
山东省滨州职业学院图书馆 欢迎您!
大连网信软件有限公司© 版权所有